[Event "Titled Tue 24th Jun Early"]
[Site "chess.com INT"]
[Date "2025.06.24"]
[Round "8"]
[White "Molina, Roberto Junio Brito"]
[Black "Vlassov, Nikolai"]
[Result "1-0"]
[WhiteTitle "IM"]
[BlackTitle "IM"]
[WhiteElo "2381"]
[BlackElo "2291"]
[WhiteFideId "2109450"]
[BlackFideId "4103360"]
[EventDate "2025.06.24"]

1. d4 Nf6 2. c4 Nc6 3. Nf3 e6 4. g3 Bb4+ 5. Bd2 a5 6. a3 Bxd2+ 7. Qxd2 d6 8. Nc3
O-O 9. Bg2 e5 10. d5 Nb8 11. O-O a4 12. Qc2 Bd7 13. Ne1 c6 14. Rd1 cxd5 15. Nxd5
Nxd5 16. Bxd5 Qb6 17. Nf3 h6 18. Rd2 Na6 19. Rfd1 Nc5 20. Be4 f5 21. Rxd6 Qc7
22. Rxd7 Nxd7 23. Bxf5 Nc5 24. Rd5 e4 25. Bxe4 Nxe4 26. Qxe4 Rae8 27. Qd3 Re7
28. Kg2 Rfe8 29. Nd4 Qc8 30. e3 Rf7 31. Nb5 Ref8 32. f4 Qg4 33. h3 Qe6 34. Re5
Qc6+ 35. Qd5 Kh7 36. Nd6 Rd7 37. c5 Rf6 38. Qxc6 bxc6 39. Re4 Ra7 40. Rb4 Re6
41. Kf3 Ra5 42. Ne4 Re7 43. Rb6 Rc7 44. f5 Kg8 45. g4 Kf7 46. Kf4 Ke7 47. Ke5
Kd7 48. g5 hxg5 49. Rb8 Rb5 50. Rg8 Rxb2 51. Rxg7+ Kc8 52. f6 1-0

[Event "Titled Tue 24th Jun Early"]
[Site "chess.com INT"]
[Date "2025.06.24"]
[Round "8"]
[White "Caruana, Fabiano"]
[Black "Galchenko, Matvey"]
[Result "0-1"]
[WhiteTitle "GM"]
[BlackTitle "IM"]
[WhiteElo "2777"]
[BlackElo "2435"]
[WhiteFideId "2020009"]
[BlackFideId "24175480"]
[EventDate "2025.06.24"]

1. e4 e6 2. d4 d5 3. Nc3 h6 4. a3 a6 5. Be3 dxe4 6. Nxe4 Nf6 7. Nxf6+ Qxf6 8.
Nf3 b6 9. Qd2 Bb7 10. Ne5 Nc6 11. Nxc6 Bxc6 12. Qc3 Kd7 13. O-O-O Bd6 14. Bc4
Bxg2 15. Rhg1 Bd5 16. Bxd5 exd5 17. Qb3 Kc6 18. Rd3 Qf5 19. Rxg7 Rag8 20. Rxg8
Rxg8 21. Kb1 Bxh2 22. Bxh6 Kb7 23. Ka2 Bd6 24. Bd2 Rg2 25. Rf3 Qe6 26. a4 Rg4
27. Rd3 Qf5 28. a5 b5 29. Rf3 Qe6 30. Re3 Qf5 31. Rd3 Rh4 32. Be3 Rh1 33. Bd2
Rh4 34. Be1 Rh1 35. Re3 Rh4 36. Rd3 Rh1 37. Re3 Rh4 38. Bc3 Rf4 39. f3 Rxf3 40.
Re8 Rh3 41. Rg8 Qe6 42. Rd8 c6 43. Rg8 Bc7 44. Qb4 Qd6 45. Qxd6 Bxd6 46. Rg7 Rf3
47. Bd2 Rf2 48. Be3 Rf3 49. Bg5 Bc7 50. b4 Bd6 51. c3 Bc7 52. Kb3 Rg3 53. Bf6
Rxg7 54. Bxg7 Kc8 55. Kc2 Kd7 56. Kd3 Ke6 57. Ke3 Kf5 58. Bf8 Bf4+ 59. Kd3 Kg4
60. Be7 f5 0-1

[Event "Titled Tue 24th Jun Early"]
[Site "chess.com INT"]
[Date "2025.06.24"]
[Round "8"]
[White "Liu, Xiangyi"]
[Black "Murzin, Volodar"]
[Result "0-1"]
[WhiteTitle "IM"]
[BlackTitle "GM"]
[WhiteElo "2370"]
[BlackElo "2666"]
[WhiteFideId "8605718"]
[BlackFideId "44155573"]
[EventDate "2025.06.24"]

1. e4 c5 2. g3 Nc6 3. Bg2 g6 4. Ne2 Bg7 5. c3 e6 6. d4 cxd4 7. cxd4 d5 8. e5 f6
9. f4 Nge7 10. Nbc3 O-O 11. O-O Qb6 12. Na4 Qd8 13. b3 b6 14. Ba3 Ba6 15. Nac3
Rc8 16. Rc1 Qd7 17. Qd2 fxe5 18. dxe5 Rfd8 19. Rfd1 Nf5 20. Ne4 Bxe2 21. Qxe2
Ncd4 22. Nf6+ Bxf6 23. Qf2 Be7 24. Bxe7 Qxe7 25. g4 Rc5 26. gxf5 Nxf5 27. Rxc5
Qxc5 28. Qxc5 bxc5 29. Rc1 Rc8 30. Kf2 Kf7 31. Bf1 a5 32. Ba6 Rc7 33. Bd3 Ng7
34. Kf3 Ke7 35. Kg4 Kd7 36. Kg5 Kc6 37. Kh6 Nh5 38. f5 Nf4 39. fxg6 Nxd3 40. Rc3
hxg6 41. Rxd3 d4 42. Kxg6 Kd5 43. Kf6 Rh7 44. Rd2 Rh6+ 45. Kg5 Rh8 46. Kf6 Rh3
47. Rc2 a4 48. Kg6 axb3 49. axb3 Rxb3 50. h4 Rg3+ 51. Kf6 Rh3 52. Kg5 c4 53. h5
d3 54. Ra2 c3 55. h6 d2 56. Ra8 Kxe5 57. Rd8 c2 0-1

[Event "Titled Tue 24th Jun Early"]
[Site "chess.com INT"]
[Date "2025.06.24"]
[Round "8"]
[White "Sethuraman, Roshan"]
[Black "Andrade, Ivan"]
[Result "0-1"]
[BlackTitle "FM"]
[WhiteElo "2074"]
[BlackElo "2144"]
[WhiteFideId "30965250"]
[BlackFideId "14800039"]
[EventDate "2025.06.24"]

1. e4 c5 2. Nf3 d6 3. d4 cxd4 4. Nxd4 Nf6 5. Nc3 a6 6. Be3 Ng4 7. Bc1 Nf6 8. f3
e5 9. Nb3 Be6 10. Be3 Be7 11. Qd2 Nbd7 12. g4 O-O 13. O-O-O b5 14. g5 Nh5 15.
Kb1 b4 16. Nd5 Bxd5 17. Qxd5 a5 18. h4 a4 19. Nc1 Ng3 20. Rg1 Nxf1 21. Rgxf1 Qc7
22. f4 exf4 23. Bxf4 Ne5 24. Nd3 Ra5 25. Qd4 Rb8 26. Bg3 Nc4 27. h5 g6 28. h6
Bf8 29. Be1 Rab5 30. Nc1 Na3+ 31. bxa3 bxa3+ 32. Nb3 axb3 33. cxb3 Rxg5 34. Bc3
Re5 35. Qe3 Bxh6 36. Qf3 Bg7 37. Rc1 Rc5 38. Bxg7 Kxg7 39. Qf6+ Kg8 40. Rxc5
dxc5 41. e5 Re8 42. Qa6 Qxe5 43. Qxa3 Qe4+ 44. Ka1 Qe2 45. Qc1 Rd8 46. Re1 Qh5
47. Qc3 Rd1+ 48. Kb2 Qh2+ 49. Ka3 Rxe1 50. Qxe1 Qc7 51. Qe8+ Kg7 52. Kb2 h5 53.
Qe4 Qd6 54. a4 f5 55. Qe8 h4 56. a5 h3 57. a6 h2 58. Qa8 Qd2+ 59. Kb1 Qd1+ 60.
Kb2 h1=Q 0-1

[Event "Titled Tue 24th Jun Early"]
[Site "chess.com INT"]
[Date "2025.06.24"]
[Round "8"]
[White "Zeliantsova, Kseniya"]
[Black "Aranda, Juan Manuel"]
[Result "1-0"]
[WhiteTitle "WFM"]
[BlackTitle "CM"]
[WhiteElo "2062"]
[BlackElo "2134"]
[WhiteFideId "13512617"]
[BlackFideId "160458"]
[EventDate "2025.06.24"]

1. e4 d6 2. d4 g6 3. Nf3 Nf6 4. Bd3 Bg7 5. O-O O-O 6. c3 a6 7. Re1 b5 8. h3 Bb7
9. Nbd2 Nbd7 10. a4 c6 11. e5 dxe5 12. dxe5 Nd5 13. Nb3 e6 14. axb5 axb5 15.
Rxa8 Qxa8 16. Bg5 Qb8 17. Na5 Ba8 18. c4 bxc4 19. Nxc4 N7b6 20. b3 h6 21. Bh4 c5
22. Bg3 Nxc4 23. bxc4 Nb4 24. Bb1 Rd8 25. Qe2 Bc6 26. h4 Qa8 27. h5 g5 28. Qe3
Bxf3 29. gxf3 Rd4 30. Be4 Qa2 31. f4 gxf4 32. Bxf4 Qxc4 33. Rc1 Qa2 34. Rxc5
Rd1+ 35. Kg2 Nd5 36. Rc8+ Bf8 37. Bxd5 Qxd5+ 38. Qf3 Qxf3+ 39. Kxf3 Kg7 40.
Bxh6+ Kxh6 41. Rxf8 Kxh5 42. Rxf7 Re1 43. Kf4 Re2 44. f3 Rc2 45. Rf6 Rc6 46. Ke4
Kg5 47. f4+ Kg4 48. Rg6+ Kh5 49. Rf6 Kg4 50. Rf8 Rc4+ 51. Ke3 Ra4 52. Rf6 Ra6
53. Rg6+ Kf5 54. Rg5# 1-0

[Event "Titled Tue 24th Jun Early"]
[Site "chess.com INT"]
[Date "2025.06.24"]
[Round "8"]
[White "Tiitta, Sauli"]
[Black "Van Baar, Esper"]
[Result "1-0"]
[BlackTitle "FM"]
[WhiteElo "2157"]
[BlackElo "2232"]
[WhiteFideId "502251"]
[BlackFideId "1049321"]
[EventDate "2025.06.24"]

1. g4 g5 2. h4 gxh4 3. d4 e6 4. Nf3 Be7 5. Nc3 d5 6. g5 c5 7. Rxh4 Nc6 8. Qd3
Bd7 9. Rxh7 Nb4 10. Rxh8 Nxd3+ 11. cxd3 Kf8 12. dxc5 Kg7 13. Rh1 Bxc5 14. Bd2
Qb6 15. O-O-O Bxf2 16. Ne5 Be8 17. Ng4 Bd4 18. e3 Bc5 19. d4 Be7 20. e4 Qxd4 21.
g6 Qc5 22. gxf7 Bxf7 23. Be3 Qc7 24. Bd4+ Kf8 25. Bd3 Qf4+ 26. Ne3 e5 27. Rdf1
Qg5 28. Rf5 exd4 29. Rxg5 Bxg5 30. Nxd5 Bxd5 31. exd5 Bxe3+ 32. Kd1 Rc8 33. Rh7
Ne7 34. d6 Rc1+ 35. Ke2 Nd5 36. Be4 Nf6 37. d7 Nxd7 38. Rxd7 Ra1 39. a3 Ra2 40.
Rxb7 a5 41. Bd5 Ra1 42. Kd3 Rd1+ 43. Ke4 Rd2 44. Rf7+ Ke8 45. Rb7 Kd8 46. Rb8+
Kc7 47. Rb7+ Kd6 48. Rb6+ Kc5 49. Rc6+ Kb5 50. Rc8 Ka4 51. Rc4+ Kb5 52. Rc6 Rxb2
53. Rc8 Ka6 54. Ra8+ Kb6 55. Rb8+ 1-0

[Event "Titled Tue 24th Jun Early"]
[Site "chess.com INT"]
[Date "2025.06.24"]
[Round "8"]
[White "Nakonechnyi, Oleksii"]
[Black "Shimanov, Aleksandr"]
[Result "1/2-1/2"]
[WhiteTitle "CM"]
[BlackTitle "GM"]
[WhiteElo "2222"]
[BlackElo "2578"]
[WhiteFideId "34173714"]
[BlackFideId "4198603"]
[EventDate "2025.06.24"]

1. e4 c6 2. d4 d5 3. Nc3 dxe4 4. Nxe4 Bf5 5. Ng3 Bg6 6. Nf3 Nd7 7. Bc4 e6 8. O-O
Ngf6 9. Re1 Bd6 10. Qe2 O-O 11. Ne5 c5 12. c3 cxd4 13. cxd4 Nb6 14. Bb3 Nfd5 15.
Qf3 Rc8 16. Bd2 Bc2 17. Rac1 Bxb3 18. Qxb3 Bxe5 19. dxe5 Qh4 20. Re4 Rxc1+ 21.
Bxc1 Qe7 22. Bd2 Rc8 23. h4 Qc5 24. Qf3 Nc4 25. Bg5 h6 26. b3 Ncb6 27. Be3 Qc2
28. Kh2 Nd7 29. Nh5 Rc3 30. Qg4 g6 31. Bxh6 Qxf2 32. Ng3 Rc2 33. Nh1 Qf5 34.
Qxf5 gxf5 35. Ra4 a6 36. h5 Nxe5 37. Bg5 Ng4+ 38. Kh3 f6 39. Bh4 e5 40. Ng3 Nge3
41. Ra5 Nf4+ 42. Kh2 Rxg2+ 43. Kh1 Rc2 44. Bxf6 Rc1+ 45. Nf1 Rc2 46. Nxe3 Re2
47. Nxf5 Nxh5 48. Bxe5 b5 49. Rxa6 Rxe5 50. Nd6 Ng3+ 51. Kg2 Ne2 52. Kf3 Nd4+
53. Kf4 Re2 54. Ra8+ Kg7 55. Ne4 Rb2 56. Ke5 Nxb3 57. axb3 Rxb3 58. Kd4 Rb1 59.
Rb8 b4 60. Kc4 b3 61. Rxb3 Rxb3 62. Kxb3 1/2-1/2

[Event "Titled Tue 24th Jun Early"]
[Site "chess.com INT"]
[Date "2025.06.24"]
[Round "8"]
[White "Brady, Tyson"]
[Black "Mostertman, Milan"]
[Result "1/2-1/2"]
[WhiteTitle "CM"]
[BlackTitle "FM"]
[WhiteElo "2170"]
[BlackElo "2231"]
[WhiteFideId "30970369"]
[BlackFideId "1025848"]
[EventDate "2025.06.24"]

1. Nf3 Nf6 2. g3 c6 3. Bg2 d5 4. O-O Bf5 5. d3 e6 6. c4 Be7 7. Be3 O-O 8. Nc3
Nbd7 9. Qb3 b6 10. Nd4 Nc5 11. Qd1 Rc8 12. Nxf5 exf5 13. cxd5 cxd5 14. Nb5 Qd7
15. Nd4 Ng4 16. Bc1 Bf6 17. Nf3 Ne5 18. Nxe5 Bxe5 19. d4 Bxd4 20. Qxd4 Rfd8 21.
Rd1 Ne6 22. Qd3 g6 23. Bh6 d4 24. Rac1 Qe7 25. h4 Qb4 26. Rxc8 Rxc8 27. Bd5 Rd8
28. Bxe6 fxe6 29. Qf3 Qa4 30. b3 Qd7 31. Bg5 Re8 32. Qd3 e5 33. e3 Qd5 34. exd4
exd4 35. Qc4 Qxc4 36. bxc4 Re4 37. Kf1 Kf7 38. Rd3 Ke6 39. f3 Re5 40. Rxd4 Ra5
41. Rd2 Ra3 42. Kf2 Rc3 43. Re2+ Kd6 44. Bf4+ Kc5 45. Re7 Rc2+ 46. Ke3 Rxa2 47.
Rxh7 Kxc4 48. Rg7 b5 49. Rxg6 b4 50. Be5 b3 51. h5 b2 52. Bxb2 Rxb2 53. h6 Rh2
54. g4 fxg4 55. fxg4 a5 56. g5 Kd5 57. Rg8 Ke5 58. Ra8 Rh3+ 59. Kf2 Kf5 60.
Rxa5+ Kg6 61. Kg2 Rb3 62. Ra8 Rb5 63. Rg8+ Kh7 64. Rg7+ Kh8 65. Kg3 Rb3+ 66. Kg4
Rb4+ 67. Kh5 Rh4+ 68. Kg6 Rxh6+ 69. Kxh6 1/2-1/2

[Event "Titled Tue 24th Jun Early"]
[Site "chess.com INT"]
[Date "2025.06.24"]
[Round "8"]
[White "Giri, Anish"]
[Black "Firouzja, Alireza"]
[Result "0-1"]
[WhiteTitle "GM"]
[BlackTitle "GM"]
[WhiteElo "2748"]
[BlackElo "2766"]
[WhiteFideId "24116068"]
[BlackFideId "12573981"]
[EventDate "2025.06.24"]

1. e4 c5 2. Nf3 d6 3. Bc4 Nf6 4. d3 Nc6 5. O-O e6 6. Re1 Be7 7. a4 O-O 8. Nbd2
b6 9. c3 Bb7 10. Bb3 d5 11. e5 Nd7 12. Nf1 Re8 13. Ng3 Nf8 14. d4 Ng6 15. Bc2
Rc8 16. Be3 cxd4 17. cxd4 Nb4 18. Bb1 a5 19. Ra3 Ba6 20. Rc3 b5 21. axb5 Bxb5
22. Qd2 Rxc3 23. bxc3 Nc6 24. Bd3 Bxd3 25. Qxd3 a4 26. Qb5 Qa8 27. Bg5 Rb8 28.
Qd3 a3 29. Bxe7 Ngxe7 30. Ng5 Ng6 31. Ra1 Rb2 32. h4 a2 33. h5 Nf8 34. h6 gxh6
35. Nh3 Qd8 36. Nh5 Qh4 37. Nf6+ Kh8 38. Kh2 Rxf2 39. Qa6 Ne7 40. Rxa2 Rxf6 41.
exf6 Qxf6 42. Qd6 Nfg6 43. Ra8+ Kg7 44. Qb8 h5 45. Kg1 h4 46. Kh2 Nf5 47. Qg8+
Kh6 48. Qb8 Qe7 49. Ra7 Qf6 50. Qc7 Kg7 51. Ra8 Nh6 52. Qb8 Ng4+ 53. Kg1 Qf5 54.
Qb2 Qd3 55. Ra1 Qe3+ 56. Kh1 Nf4 0-1

[Event "Titled Tue 24th Jun Early"]
[Site "chess.com INT"]
[Date "2025.06.24"]
[Round "8"]
[White "Aaradhya Das"]
[Black "Guerrero Cataldo, Juan Andres"]
[Result "0-1"]
[WhiteTitle "WCM"]
[BlackTitle "CM"]
[WhiteElo "1786"]
[BlackElo "2082"]
[WhiteFideId "33361436"]
[BlackFideId "3421260"]
[EventDate "2025.06.24"]

1. d4 Nf6 2. Nf3 g6 3. Nbd2 Bg7 4. e4 d6 5. Bd3 O-O 6. c3 c5 7. O-O Nbd7 8. Re1
e6 9. b3 a6 10. a4 Rb8 11. Nc4 d5 12. exd5 exd5 13. Nce5 Nxe5 14. dxe5 Ne4 15.
Bb2 Ng5 16. Nxg5 Qxg5 17. Bc1 Qd8 18. Bf4 Be6 19. Rc1 b5 20. axb5 axb5 21. Qe2
c4 22. bxc4 bxc4 23. Bc2 Rb2 24. Qf3 Qa5 25. Ra1 Qb6 26. Ba4 Rb8 27. Be3 Qd8 28.
Bd4 Qc7 29. h3 Qc8 30. Rad1 Ra2 31. Ra1 Rab2 32. Red1 Bh6 33. g4 Qf8 34. Bc6 Qd8
35. Bc5 Bf8 36. Bxf8 Qxf8 37. Bxd5 R2b6 38. Bxe6 Rxe6 39. Qd5 Qe7 40. Ra5 Rc8
41. f4 Re8 42. Rda1 g5 43. Ra7 gxf4 44. Rxe7 R6xe7 45. Re1 Kg7 46. Qf3 Re6 47.
Qxf4 f6 48. Qf5 fxe5 49. Re4 R8e7 50. Qg5+ Kf7 51. Re3 Ke8 0-1

[Event "Titled Tue 24th Jun Early"]
[Site "chess.com INT"]
[Date "2025.06.24"]
[Round "8"]
[White "Bratovic, Blaz"]
[Black "Medina, VInce Angelo"]
[Result "0-1"]
[WhiteTitle "IM"]
[WhiteElo "2319"]
[BlackElo "2138"]
[WhiteFideId "14603551"]
[BlackFideId "5205069"]
[EventDate "2025.06.24"]

1. e4 c6 2. d4 d5 3. e5 a6 4. Nc3 g6 5. h4 h5 6. Bd3 c5 7. dxc5 Nc6 8. Nf3 Bg4
9. Bf4 e6 10. Qd2 Bxc5 11. O-O-O Nge7 12. Rde1 Bxf3 13. gxf3 Rc8 14. Ne2 Bxf2
15. Ref1 Qb6 16. Kb1 Nb4 17. Nc1 Bc5 18. Bg5 Nxd3 19. Nxd3 Nf5 20. Nxc5 Qxc5 21.
Bf6 O-O 22. Rhg1 Kh7 23. Rg5 Qe3 24. Qg2 Rc4 25. Rg1 Rc7 26. Rxg6 Qxg1+ 27. Qxg1
fxg6 28. c3 Rc6 29. Qa7 Rf7 30. Qb8 Ng7 31. a4 Rc4 32. a5 Rf4 33. Qc8 Rxf3 34.
Bxg7 Kxg7 35. Qxe6 R3f5 36. Qd6 Rf8 37. Qxd5 R5f7 38. e6 Re7 39. Qe5+ Kh7 40.
Qd5 Rf6 41. c4 Rfxe6 42. Ka2 Re5 43. Qd8 Kg7 44. b4 Kf6 45. Kb3 Kf5 46. Qc8+ Kf4
47. Qg8 R5e6 48. Qf8+ Kg4 49. Qf2 Re3+ 50. Ka4 Re2 51. Qd4+ R7e4 52. Qd7+ Kxh4
53. Qxb7 Rxc4 54. Qxa6 Ree4 55. Qf6+ g5 56. Qf8 g4 57. a6 g3 58. a7 Rxb4+ 59.
Qxb4 Rxb4+ 60. Kxb4 g2 61. a8=Q g1=Q 62. Qd8+ Qg5 63. Qh8 Kh3 64. Kc3 h4 65. Kd3
Qg3+ 66. Ke2 Kh2 0-1

[Event "Titled Tue 24th Jun Early"]
[Site "chess.com INT"]
[Date "2025.06.24"]
[Round "8"]
[White "Atoyan, Alberto"]
[Black "Howell, David W L"]
[Result "0-1"]
[WhiteTitle "CM"]
[BlackTitle "GM"]
[WhiteElo "2266"]
[BlackElo "2668"]
[WhiteFideId "13314831"]
[BlackFideId "410608"]
[EventDate "2025.06.24"]

1. Nf3 c5 2. b3 b6 3. Bb2 Bb7 4. e3 Nf6 5. Be2 e6 6. O-O Be7 7. d4 O-O 8. Nbd2
Nc6 9. c4 Rc8 10. Rc1 h6 11. h3 Rc7 12. Re1 cxd4 13. Nxd4 Nxd4 14. Bxd4 Qa8 15.
Bf3 Rfc8 16. Qe2 Bxf3 17. Nxf3 b5 18. Nd2 d5 19. c5 b4 20. Rc2 Nd7 21. Rec1 e5
22. Bb2 Rxc5 23. Nf3 f6 24. Nh4 Bf8 25. Nf5 Rxc2 26. Rxc2 Rxc2 27. Qxc2 Nc5 28.
Qe2 Qe8 29. Qg4 Kh7 30. Ng3 a5 31. Qf5+ Qg6 32. Qc8 Qf7 33. Kh2 g6 34. h4 h5 35.
a3 Nxb3 36. axb4 axb4 37. Qb8 Nc5 38. Qxb4 Ne4 39. Qb3 Nxf2 40. e4 Ng4+ 41. Kh1
Nf2+ 42. Kh2 Ng4+ 43. Kh1 Bd6 44. Qxd5 Qxd5 45. exd5 f5 46. Ne2 Ne3 47. g3 Nxd5
48. Kg2 e4 49. Nd4 Be5 50. Ba1 Bxd4 51. Bxd4 Kg8 52. Kf2 Kf7 53. Be3 Ke6 54. Bg5
Nf6 55. Ke2 Ng4 56. Bf4 Kd5 57. Kd2 Kc4 58. Ke2 Nf6 59. Bg5 Nd5 60. Bf4 Kd4 61.
Bg5 e3 62. Kf3 Kd3 63. Bh6 e2 64. Kf2 Nb4 65. g4 Nc2 0-1

[Event "Titled Tue 24th Jun Early"]
[Site "chess.com INT"]
[Date "2025.06.24"]
[Round "8"]
[White "Sapocinic, Semion"]
[Black "Lopez Rayo, Santiago"]
[Result "1/2-1/2"]
[WhiteTitle "FM"]
[BlackTitle "FM"]
[WhiteElo "2296"]
[BlackElo "2282"]
[WhiteFideId "13908693"]
[BlackFideId "4455665"]
[EventDate "2025.06.24"]

1. c4 e6 2. Nf3 Nf6 3. d4 d5 4. Nc3 Bb4 5. Bg5 h6 6. Bxf6 Qxf6 7. e3 O-O 8. Qb3
c5 9. dxc5 Na6 10. cxd5 Bxc3+ 11. Qxc3 Qxc3+ 12. bxc3 Nxc5 13. Rd1 exd5 14. Rxd5
b6 15. Bc4 Be6 16. Rd4 Rfd8 17. Bxe6 Nxe6 18. Rxd8+ Rxd8 19. Nd4 Nc5 20. f3 g6
21. Kd2 Kg7 22. h4 h5 23. Kc2 Kf6 24. Rd1 Re8 25. Kd2 Rd8 26. Kc2 Re8 27. e4 Rc8
28. Nb5 a6 29. Nd6 Rc6 30. f4 Ke6 31. e5 f6 32. Nc4 Na4 33. Rd6+ Rxd6 34. exd6
b5 35. Ne3 Kxd6 36. f5 g5 37. g4 gxh4 38. gxh5 h3 39. Ng4 Ke7 40. Kd3 Kf7 41.
Kd4 Kg7 42. c4 bxc4 43. Kxc4 Nb6+ 44. Kd4 Nd7 45. Ke3 Ne5 46. h6+ Kh7 47. Nxf6+
Kxh6 48. Kf2 Kg5 49. Nd5 Kxf5 50. Kg3 Ke4 51. Nb6 Kd4 52. Kxh3 Kc3 53. Kg3 Kb2
54. Kf4 Nd3+ 55. Ke3 Nb4 56. a4 Kc3 57. Nd7 a5 58. Nc5 Kc4 59. Nb7 Nc6 60. Ke4
Kb4 61. Kd5 Ne7+ 62. Ke6 Ng6 63. Nxa5 Kxa5 64. Kf6 Nf8 65. Kg5 Nd7 66. Kh4 Nb6
67. Kh3 Nxa4 1/2-1/2

[Event "Titled Tue 24th Jun Early"]
[Site "chess.com INT"]
[Date "2025.06.24"]
[Round "8"]
[White "Gavarrete, Nahun"]
[Black "Fichter, Fabian"]
[Result "0-1"]
[WhiteTitle "FM"]
[BlackTitle "FM"]
[WhiteElo "2281"]
[BlackElo "2235"]
[WhiteFideId "8400709"]
[BlackFideId "24613258"]
[EventDate "2025.06.24"]

1. e4 c5 2. Nc3 Nc6 3. g3 e5 4. Bg2 d6 5. Nge2 Be7 6. d3 Nf6 7. O-O O-O 8. h3 a6
9. a4 Rb8 10. Be3 b5 11. f4 Nd4 12. axb5 axb5 13. Nd5 Nxd5 14. exd5 b4 15. Qd2
b3 16. Bxd4 exd4 17. c4 dxc3 18. Nxc3 Bf6 19. Rac1 Qa5 20. Rfd1 Re8 21. Ne4 Bd4+
22. Kh2 Qxd2 23. Nxd2 Re2 24. Re1 Rxe1 25. Rxe1 Ba6 26. Nxb3 Bxb2 27. Bf1 h5 28.
Nc1 h4 29. gxh4 Bc3 30. Rd1 Rb2+ 31. Ne2 Bf6 32. Kg3 Bb7 33. Re1 Bxd5 34. Bg2
Be6 35. Ng1 Rd2 36. Nf3 Rxd3 37. Re2 c4 38. Kf2 c3 39. Ne1 Rd2 40. Ke3 Bd4+ 41.
Kf3 Bd5+ 42. Re4 Bxe4+ 43. Kxe4 Bf2 44. Nd3 c2 45. Bf3 Bxh4 46. Ke3 Rd1 47. Ke2
c1=Q 48. Nxc1 Rxc1 49. Ke3 Rc3+ 50. Ke4 Rxf3 51. Kxf3 Kf8 52. Ke4 Bf6 53. Kd5
Ke7 54. Ke4 Ke6 55. f5+ Kd7 56. Kf4 Kc6 57. Ke4 Kc5 58. Kd3 Kd5 59. Ke3 Ke5 60.
Kd3 Kxf5 61. Ke3 Ke5 62. Kf3 d5 63. Ke3 d4+ 64. Kd3 Kd5 65. Kd2 Ke4 66. Ke2 d3+
67. Kd2 Kd4 68. Kd1 Ke3 69. Kc1 Ke2 70. Kb1 d2 71. Ka2 d1=Q 72. Ka3 Qb1 73. Ka4
Kd3 74. Ka3 Kc4 75. Ka4 Qa2# 0-1

[Event "Titled Tue 24th Jun Early"]
[Site "chess.com INT"]
[Date "2025.06.24"]
[Round "8"]
[White "Jake Shanty"]
[Black "Marin Ferragut, Pau"]
[Result "1-0"]
[WhiteTitle "FM"]
[BlackTitle "FM"]
[WhiteElo "2252"]
[BlackElo "2380"]
[WhiteFideId "33478066"]
[BlackFideId "54716020"]
[EventDate "2025.06.24"]

1. Nf3 d5 2. e3 Nf6 3. b3 c5 4. Bb2 e6 5. Be2 Bd6 6. O-O O-O 7. c4 Nc6 8. cxd5
exd5 9. d4 cxd4 10. Nxd4 Bc7 11. Nd2 a6 12. N2f3 Qd6 13. Nxc6 bxc6 14. Be5 Qe7
15. Bxc7 Qxc7 16. Rc1 Bg4 17. Qc2 Rfc8 18. h3 Bh5 19. Nd4 Bxe2 20. Nxe2 Qd6 21.
Qc5 Qxc5 22. Rxc5 Ne4 23. Rc2 c5 24. Rfc1 Re8 25. Nf4 Rad8 26. Nd3 c4 27. bxc4
dxc4 28. Rxc4 Rxd3 29. Rxe4 Red8 30. Ra4 Rd1+ 31. Rxd1 Rxd1+ 32. Kh2 Rd6 33. g4
g6 34. Kg3 Kg7 35. Rd4 Rf6 36. Rd7 Rb6 37. Ra7 Kf6 38. Kf3 Ke6 39. a4 Kf6 40. h4
h6 41. a5 Re6 42. Rb7 Rd6 43. Ke4 Ke6 44. f4 f5+ 45. gxf5+ gxf5+ 46. Kf3 Kd5 47.
Rf7 Ke6 48. Rb7 Kd5 49. h5 Rc6 50. Rf7 Ke6 51. Rg7 Kd5 52. Rg6 Kc5 53. Rxc6+
Kxc6 54. e4 Kd6 55. exf5 Kd5 56. Ke3 Kc5 57. Ke4 Kd6 58. Kd4 Kc6 59. Ke5 Kd7 60.
f6 Ke8 61. Ke6 Kf8 62. f7 Kg7 63. Ke7 Kh7 64. f5 Kg7 65. f8=Q+ Kh7 66. Qf7+ Kh8
67. Qe8+ Kh7 68. Qg6+ Kh8 69. Qxh6+ Kg8 70. Qg5+ Kh8 71. Kf7 Kh7 72. Qg7# 1-0

[Event "Titled Tue 24th Jun Early"]
[Site "chess.com INT"]
[Date "2025.06.24"]
[Round "8"]
[White "Nugumanov, Bakhtiyar"]
[Black "Castillo, Santiago"]
[Result "1-0"]
[WhiteTitle "IM"]
[WhiteElo "2305"]
[BlackElo "2163"]
[WhiteFideId "13701797"]
[BlackFideId "108936"]
[EventDate "2025.06.24"]

1. e4 c5 2. Nf3 e6 3. d4 cxd4 4. Nxd4 Nf6 5. Nc3 Nc6 6. Ndb5 Bb4 7. a3 Bxc3+ 8.
Nxc3 d5 9. exd5 Nxd5 10. Bd3 Ne5 11. Bb5+ Bd7 12. Bxd7+ Qxd7 13. Nxd5 exd5 14.
O-O O-O 15. c3 Nc6 16. Be3 Rfd8 17. Qh5 Re8 18. Rad1 Rad8 19. Rd2 Re5 20. Qf3
Rf5 21. Qh3 Qe6 22. Rfd1 h5 23. Qh4 b6 24. h3 Rd7 25. Qa4 Ne5 26. Rd4 Qg6 27.
Kh2 Qd6 28. Bf4 Rxf4 29. Rxf4 Ng6 30. g3 Nxf4 31. Qxf4 Qxf4 32. gxf4 g6 33. Kg3
Kg7 34. Kf3 Kf6 35. Rd4 Kf5 36. b4 Ke6 37. Ke3 Rc7 38. Kd3 b5 39. Kd2 Rc4 40.
Kd3 a6 41. h4 f6 42. f3 Kd6 43. Rxc4 dxc4+ 44. Kd4 f5 45. Ke3 Kd5 46. Kd2 Kd6
47. Ke3 Kd5 48. Kd2 Kd6 49. Kc2 Kd5 50. Kb2 Kd6 51. a4 Kd5 52. Kc2 Kd6 53. Kb2
Kd5 54. axb5 axb5 55. Kc2 Kd6 56. Kd1 Kd5 57. Ke1 Kd6 58. Kf2 Kd5 59. Ke3 Kd6
60. Kd4 1-0

[Event "Titled Tue 24th Jun Early"]
[Site "chess.com INT"]
[Date "2025.06.24"]
[Round "8"]
[White "Brown, Akeem"]
[Black "Mateus, Martha"]
[Result "1-0"]
[WhiteTitle "CM"]
[BlackTitle "WIM"]
[WhiteElo "2055"]
[BlackElo "1972"]
[WhiteFideId "7402023"]
[BlackFideId "4401549"]
[EventDate "2025.06.24"]

1. e4 c5 2. Nf3 Nc6 3. d4 cxd4 4. Nxd4 Nf6 5. Nc3 d6 6. Bg5 e6 7. Qd2 a6 8.
O-O-O Be7 9. f4 Bd7 10. Nf3 b5 11. a3 Qb6 12. e5 b4 13. axb4 Nd5 14. Nxd5 exd5
15. exd6 Bxg5 16. Re1+ Kf8 17. fxg5 Nxb4 18. Re7 Qxd6 19. Rxd7 Na2+ 20. Kb1 Qxd7
21. Kxa2 Rb8 22. b3 Ke7 23. Qe3+ Qe6 24. Qc5+ Qd6 25. Qxd6+ Kxd6 26. Bd3 Rhe8
27. Rd1 g6 28. Kb2 Kc5 29. Kc3 Re3 30. Ra1 Rb6 31. Ra5+ Kd6 32. Rxa6 Rxa6 33.
Kd4 Rxd3+ 34. Kxd3 Rb6 35. Nd4 Rb7 36. c3 Kc5 37. b4+ Kd6 38. b5 Kc5 39. Ke3
Re7+ 40. Kf4 Re4+ 41. Kf3 Re1 42. Kf4 Rg1 43. g3 Rg2 44. h4 Rg1 45. Ke5 Re1+ 46.
Kf6 Re3 47. Kxf7 Rxc3 48. Ne6+ Kd6 49. Nf8 Rxg3 50. Nxh7 d4 51. Nf6 Rf3 52. Kxg6
d3 53. b6 Rf1 54. b7 Rb1 55. h5 Rxb7 56. h6 Ke6 57. Ne4 Ke5 58. Nd2 Rb6+ 59. Kh5
Kf5 60. h7 1-0